000 01115nam a2200181 a 4500
008 070427s2006 ||||||||||||||||| || u
050 _aGOV.ZAM(02)2006/5A
110 _aGovernment of the Republic of Zambia (GRZ)
245 1 0 _aZambia vision 2030: a prosperous middle-income nation by 2030
260 _aLusaka
_bGovernment of the Republic of Zambia
_c2006
300 _a33p.: ill.
350 _a0.00
650 _aDEVELOPMENT PLANNING--ZAMBIA
995 _aSPECIAL COLLECTIONS
_D0.00
_e03004022
_FCBU-MAIN LIBRARY (Kitwe)
_H1
_I0.00
_jGOV.ZAM(02)2006/5B
_M2
_UAVAILABLE
_WMay 20, 2009
_y03004022
_ZZambiana Collection
995 _aSPECIAL COLLECTIONS
_D0.00
_e03008287
_FCBU-MAIN LIBRARY (Kitwe)
_H1
_I0.00
_jGOV.ZAM(02)2006/5D
_M4
_UAVAILABLE
_WNov 15, 2011
_y03008287
_ZZambiana Collection
995 _aSPECIAL COLLECTIONS
_D0.00
_e03007210
_FCBU-MAIN LIBRARY (Kitwe)
_H1
_I0.00
_jGOV.ZAM(02)2006/5C
_M3
_UAVAILABLE
_WOct 19, 2010
_y03007210
_ZZambiana Collection
995 _aSPECIAL COLLECTIONS
_D0.00
_eGOV.ZAM.N37(02)2006
_FCBU-MAIN LIBRARY (Kitwe)
_H1
_I0.00
_jGOV.ZAM(02)2006/5A
_M1
_UAVAILABLE
_WApr 27, 2007
_y03001948
_ZZambiana Collection
999 _c83418
_d83418